| 000 | 01125cam a22003137a 4500 | ||
|---|---|---|---|
| 003 | CHAP | ||
| 005 | 20220329135608.0 | ||
| 008 | 971013s1975 r 00010 d | ||
| 010 | _a39056 | ||
| 011 | _a40028 | ||
| 035 | _a44153 | ||
| 040 | _cCHAP | ||
| 090 | _aFolleto 3804 | ||
| 110 |
_aEstacio, Fernando _938189 |
||
| 245 | 1 | 2 | _aA análise beneficios-custos sociais de projectos agrícolas ; aspectos da sua aplicacao nos países em desenvolvimento |
| 260 |
_aOeiras, Postugal : _bInstituto Gulberkian de Ciencia. Centro de Estudos de Economia Agraria, _c1975 |
||
| 300 | _a37 p. | ||
| 590 |
_aBATCH-UPD _b10 _c20130110 _lUCH01 _h0047 |
||
| 590 |
_aBATCH-UPD _b10 _c20130110 _lUCH01 _h2234 |
||
| 590 |
_aBATCH-UPD _b10 _c20130409 _lUCH01 _h2033 |
||
| 590 |
_aBATCH-UPD _b10 _c20130410 _lUCH01 _h1529 |
||
| 590 |
_aBATCH-UPD _b10 _c20130914 _lUCH01 _h1928 |
||
| 590 |
_aCONVERSION _b10 _c20130109 _lUCH01 _h1322 |
||
| 650 | 1 | 4 |
_aAgricultura _xAspectos economicos _xPortugal. _91285 |
| 650 | 1 | 4 |
_aPolítica agrícola _xPortugal. _990351 |
| 901 | _aBK | ||
| 942 | _cFOLL | ||
| 949 |
_aFolleto 3804 _bBC _cFOLL _d-101113 _eTS1 _i44153 _si |
||
| 999 |
_c39056 _d39056 |
||